Ostblock ewg und entwicklungslander

Enregistré dans:
Détails bibliographiques
Auteur principal: Boettcher, Erik
Format: Livre
Langue:allemand
Publié: Stuttgart, Alemania. Kohlhammer. 1964
Collection:Politische Paperbacks bei Kohlhammer
Sujets:
Tags: Ajouter un tag
Pas de tags, Soyez le premier à ajouter un tag!

MARC

LEADER 00000nam a2200000 a 4500
001 UCH0927
003 CL-VaPUC
005 20211019074333.0
008 090402e19640000GW |||||||||||||||||ger|d
999 |c 333095  |d 333093 
040 |c Pontificia Universidad Católica de Valparaíso 
082 0 4 |a 341.3 BOE 1964  |2 21 
100 0 |a Boettcher, Erik  |9 535300 
245 1 0 |a Ostblock ewg und entwicklungslander 
260 0 3 |a Stuttgart, Alemania.  |b Kohlhammer.  |c 1964 
300 |a 173 páginas 
490 0 |a Politische Paperbacks bei Kohlhammer 
583 |a last modification  |c 20140403 07:42:55  |k Rodrigo Vera 
600 0 7 |a MERCADO COMUN EUROPEO  |2 CL-VaPUC  |9 381542 
650 0 |a Relaciones Internacionales  |9 255740 
650 0 |a Cooperación internacional  |9 255447 
650 0 |a Conflicto internacional  |9 341259 
651 0 |a Europa  |9 255156 
942 |c BK  |2 ddc 
945 |d 20090402 00:00:00  |a rbrito 
952 |0 0  |1 0  |2 ddc  |4 0  |6 341_300000000000000_BOE_1964  |7 0  |8 P  |9 421256  |a BIBDER  |b BIBDER  |d 2019-11-22  |i 4529782  |o 341.3 BOE 1964  |p 4529782  |r 2023-01-25  |t 1  |w 2019-11-22  |y BK  |k DER